Państwa, ale samogłoski zamieniono na O - Statystyki

Ogólne statystyki
  • Ten quiz został rozwiązany 64 razy
    56 od ostatniego zresetowania
  • Średni wynik to 18 z 20
Statystyki odpowiedzi
Poństwo Państwo % Poprawnych
Ofgonoston Afganistan
100%
Ondoro Andora
100%
Ongolo Angola
100%
Orgontono Argentyna
100%
Ormonoo Armenia
100%
Ozorbojdżon Azerbejdżan
100%
Bohrojn Bahrajn
100%
Bonglodosz Bangladesz
100%
Borbodos Barbados
100%
Bolgoo Belgia
100%
Bolozo Belize
100%
Bonon Benin
100%
Bhoton Bhutan
100%
Botswono Botswana
100%
Brozoloo Brazylia
100%
Borondo Burundi
100%
Cholo Chile
100%
Chono Chiny
100%
Chorwocjo Chorwacja
100%
Copr Cypr
100%
Czocho Czechy
100%
Donoo Dania
100%
Domonokono Dominikana
100%
Ogopt Egipt
100%
Okwodor Ekwador
100%
Ostonoo Estonia
100%
Oswotono Eswatini
100%
Fodżo Fidżi
100%
Froncjo Francja
100%
Ghono Ghana
100%
Gojono Gujana
100%
Gwotomolo Gwatemala
100%
Gwonoo Gwinea
100%
Hoszponoo Hiszpania
100%
Hondoros Honduras
100%
Ondonozjo Indonezja
100%
Ozrool Izrael
100%
Jomojko Jamajka
100%
Joponoo Japonia
100%
Jomon Jemen
100%
Jordonoo Jordania
100%
Kombodżo Kambodża
100%
Kotor Katar
100%
Kozochston Kazachstan
100%
Korgoston Kirgistan
100%
Kosowo Kosowo
100%
Kowojt Kuwejt
100%
Loos Laos
100%
Losotho Lesotho
100%
Lobon Liban
100%
Loboroo Liberia
100%
Lotwo Litwa
100%
Łotwo Łotwa
100%
Modogoskor Madagaskar
100%
Molozjo Malezja
100%
Molo Mali
100%
Molto Malta
100%
Moroko Maroko
100%
Mjonmo Mjanma
100%
Mołdowoo Mołdawia
100%
Monoko Monako
100%
Mongoloo Mongolia
100%
Mozombok Mozambik
100%
Nomoboo Namibia
100%
Nopol Nepal
100%
Noomco Niemcy
100%
Nogor Niger
100%
Nogoroo Nigeria
100%
Norwogoo Norwegia
100%
Omon Oman
100%
Pokoston Pakistan
100%
Ponomo Panama
100%
Porogwoj Paragwaj
100%
Poro Peru
100%
Polsko Polska
100%
Portogoloo Portugalia
100%
Rosjo Rosja
100%
Romonoo Rumunia
100%
Rwondo Rwanda
100%
Somoo Samoa
100%
Sonogol Senegal
100%
Sorboo Serbia
100%
Soszolo Seszele
100%
Songopor Singapur
100%
Słowonoo Słowenia
100%
Somoloo Somalia
100%
Sodon Sudan
100%
Szwojcoroo Szwajcaria
100%
Szwocjo Szwecja
100%
Todżokoston Tadżykistan
100%
Tojlondoo Tajlandia
100%
Tojwon Tajwan
100%
Togo Togo
100%
Tongo Tonga
100%
Tonozjo Tunezja
100%
Torcjo Turcja
100%
Ogondo Uganda
100%
Orogwoj Urugwaj
100%
Ozbokoston Uzbekistan
100%
Vonooto Vanuatu
100%
Wootnom Wietnam
100%
Włocho Włochy
100%
Zomboo Zambia
100%
Grozjo Gruzja
92%
Gobon Gabon
91%
Czod Czad
90%
Grocjo Grecja
90%
Oron Iran
90%
Słowocjo Słowacja
90%
Bohomo Bahamy
89%
Loksomborg Luksemburg
89%
Nokorogoo Nikaragua
89%
Zombobwo Zimbabwe
89%
Olgooroo Algieria
88%
Bolowoo Boliwia
88%
Bołgoroo Bułgaria
88%
Folopono Filipiny
88%
Orok Irak
88%
Czornogoro Czarnogóra
86%
Nooro Nauru
86%
Soronom Surinam
86%
Tonzonoo Tanzania
86%
Olbonoo Albania
83%
Oostroo Austria
83%
Holondoo Holandia
83%
Komoron Kamerun
83%
Konodo Kanada
83%
Loochtonstoon Liechtenstein
83%
Poloo Palau
83%
Torkmonoston Turkmenistan
83%
Bronoo Brunei
80%
Fonlondoo Finlandia
80%
Ondoo Indie
80%
Koroboto Kiribati
80%
Kobo Kuba
80%
Molodowo Malediwy
80%
Moorotoos Mauritius
80%
Moksok Meksyk
80%
Tovolo Tuvalu
80%
Wonozoolo Wenezuela
80%
Domonoko Dominika
75%
Dżoboto Dżibuti
75%
Gronodo Grenada
75%
Oslondoo Islandia
75%
Komoro Komory
75%
Loboo Libia
75%
Molowo Malawi
75%
Soroo Syria
75%
Okroono Ukraina
75%
Wogro Węgry
75%
Hooto Haiti
67%
Konoo Kenia
67%
Oostroloo Australia
63%
Gomboo Gambia
63%
Boołoroś Białoruś
60%
Orlondoo Irlandia
60%
Kolomboo Kolumbia
60%
Moorotonoo Mauretania
60%
Otoopoo Etiopia
57%
Orotroo Erytrea
33%
Nie znaleziono quizów pasujących do podanych kryteriów
Rozkład punktacji
Procent ludzi z każdym wynikiem
Percentyl według liczby udzielonych odpowiedzi
Twoja historia wyników
Nie rozwiązałeś tego quizu od ostatniego zresetowania